| 000 | 003750000a22001690004500 | ||
|---|---|---|---|
| 003 | LK-CoMWRAF | ||
| 005 | 20230916142016.0 | ||
| 008 | 230817t ||||| |||| 00| 0 eng d | ||
| 040 |
_aLK-CoMWRAF _dLK-CoMWRAF _eLK-CoMWRAF |
||
| 041 | _aeng | ||
| 082 |
_a297.352 _bSHA |
||
| 100 | _a Shariati, Ali | ||
| 245 | _aHajj | ||
| 300 | _a163p | ||
| 650 | _aIslam-Hajj | ||
| 942 | _cBK | ||
| 999 |
_c611 _d611 |
||